| 000 | 00730cab a2200241 4500 | ||
|---|---|---|---|
| 001 | ABS54129 | ||
| 008 | 090401t1995 xxu||||| |||| 00| 0 eng d | ||
| 035 | _a(Sirsi) u8711 | ||
| 041 | _aeng | ||
| 100 | _aLittlefair, P. | ||
| 245 | _aDesign method for daylighting | ||
| 260 | _c1995 | ||
| 350 | _a0 | ||
| 490 |
_aArchitects` Journal _v202(22) 7 December 1995, 38-39(2) |
||
| 520 | _aExamines how to calculate the daylight factor when designing windows for environmentally-conscious buildings. | ||
| 650 | _aDAYLIGHT FACTORS | ||
| 650 | _aENVIRONMENTALLY-CONSCIOUS BUILDINGS | ||
| 650 | _aWINDOW DESIGN | ||
| 690 | _aBUILT ENVIRONMENT-CONSTRUCTION DESIGN | ||
| 700 | _aLynes, J. | ||
| 942 | _n0 | ||
| 948 | _c04/03/1997 | ||
| 999 |
_c5402 _d5402 |
||